Statistics for Toto Songs on the Billboard Hot 100 Chart (USA)

Click here to take the quiz!

General Stats

  • This quiz has been taken 107 times
  • The average score is 7 of 14

Answer Stats

Peak Chart Position, YearAnswer% Correct
1, 1983Africa
100%
2, 1982Rosanna
93%
5, 1979Hold the Line
90%
22, 1988Pamela
51%
26, 198099
46%
10, 1983I Won't Hold You Back
44%
48, 1979Georgy Porgy
41%
11, 1986I'll Be Over You
39%
45, 1979I'll Supply the Love
30%
30, 1982Make Believe
28%
30, 1984Stranger in Town
27%
71, 1985Holyanna
25%
73, 1983Waiting For Your Love
21%
38, 1987Without Your Love
17%

Score Distribution

Percentile by Number Answered

Percent of People with Each Score

Your Score History

You have not taken this quiz